One Newcastle United Player by Nation - Statistics

General Stats
  • This quiz has been taken 1,179 times
    208 since last reset
  • The average score is 14 of 22
Answer Stats
Nation Player % Correct
England Alan Shearer | Rob Lee | Steven Taylor | +95 others
100%
Brazil Kenedy | Joelinton | Caçapa | +2 others
91%
France Laurent Robert | Moussa Sissoko | Charles N'Zogbia | +24 others
88%
Netherlands Tim Krul | Vurnon Anita | Daryl Janmaat | +7 others
88%
Italy Davide Santon | Alessandro Pistone | Sandro Tonali | +2 others
87%
Sweden Emil Krafth | Andreas Andersson | Alexander Isak | +1 other
83%
Switzerland Fabian Schär | Marc Hottiger | Kevin Mbabu
75%
Ireland Shay Given | Andy O'Brien | Stephen Carr | +9 others
74%
Spain Ayoze Pérez | José Enrique | Javier Manquillo | +6 others
72%
Germany Dietmar Hamann | Malick Thiaw | Nick Woltemade | +1 other
70%
Argentina Fabricio Coloccini | Jonás Gutiérrez | Federico Fernández | 1 other
66%
Senegal Papiss Cissé | Mohamed Diamé | Demba Ba | +5 others
66%
Scotland Matt Ritchie | Stephen Glass | Kevin Gallacher | +8 others
62%
Wales Gary Speed | Paul Dummett | Craig Bellamy | +1 other
58%
Northern Ireland Aaron Hughes | Keith Gillespie | Shane Ferguson | +2 others
49%
Nigeria Shola Ameobi | Obafemi Martins | Celestine Babayaro
46%
Ivory Coast Cheick Tioté | Seydou Doumbia
42%
United States DeAndre Yedlin | Oguchi Onyewu
40%
DR Congo Lomana LuaLua | Chancel Mbemba | Kazenga LuaLua
37%
Greece Nikos Dabizas | Georgios Georgiadis
23%
Cameroon Geremi | Sébastien Bassong
21%
Czechia Pavel Srníček | David Rozehnal
18%
No matching quizzes found
Score Distribution
Percent of People with Each Score
Percentile by Number Answered
Your Score History
You have not taken this quiz since the last reset